Statistics for States that Beat Alaska

Click here to take the quiz!

General Stats

  • This quiz has been taken 6,291 times
  • The average score is 9 of 18

Answer Stats

Rank Hint Answer % Correct
2Latest date of statehoodHawaii
98%
3Most oil productionTexas | North Dakota
92%
2Most national parksCalifornia
90%
3Smallest populationWyoming | Vermont
87%
5Fewest percent of residents born in stateNevada | Florida | Arizona | New Hampshire
73%
10Highest homicide rate (2017 & 2018)Louisiana | Missouri | Maryland | Alabama | Nevada |
Arkansas | Tennessee | South Carolina | New Mexico
73%
2Most mountains above 14,000 feet
of elevation
Colorado
69%
2Highest percentage of population
in largest city
New York
62%
2Westernmost state capitalHawaii
46%
3Fewest cowsDelaware | Rhode Island
44%
5Least populous capital cityVermont | South Dakota | Maine | Kentucky
43%
4Highest % population growth 1960-2018Nevada | Arizona | Florida
28%
4Least religiousVermont | New Hampshire | Washington | Massachusetts
25%
2Most gold productionNevada
24%
2% of land owned by the federal governmentNevada
22%
2Lowest all-time high temperatureHawaii
16%
4Highest CO2 emissions per capitaWyoming | North Dakota | West Virginia
14%
2Youngest average age of residentsUtah
12%

Score Distribution

Percentile by Number Answered

Percent of People with Each Score

Your Score History

You have not taken this quiz